| 000 | 00698nam a2200205 i 4500 | ||
|---|---|---|---|
| 001 | 113346 | ||
| 003 | ES-MaACL | ||
| 005 | 20250815125312.0 | ||
| 007 | t| | ||
| 008 | 061121s1976 sp |||| | spa d | ||
| 100 | 1 |
_aNisbet, Robert A. _985766 |
|
| 245 | 1 | 0 |
_aCambio social e historia _b: aspectos de la teoría occidental del desarrollo / _cRobert A. Nisbet ; traducción de Enrique Muñoz Latorre. |
| 260 |
_aBarcelona : _bHispano Europea, _c1976. |
||
| 300 |
_aXVIII, 329 p ; _c22 cm. |
||
| 650 | 4 |
_aHistoria- _xFilosofía. _913380 |
|
| 650 | 0 | 7 |
_aCambio social _2embne _910692 |
| 700 | 1 |
_aMuñoz Latorre, Enrique. _984441 |
|
| 852 |
_aES-MaACL _jA-8008 |
||
| 999 |
_c113346 _d113346 |
||